Matemática para la educación primaria : (Record no. 37106)

MARC details
000 -CABECERA
campo de control de longitud fija 00789nam a2200205 a 4500
005 - FECHA Y HORA DE LA ÚLTIMA TRANSACCIÓN
campo de control 20230524063746.0
008 - ELEMENTOS DE LONGITUD FIJA--INFORMACIÓN GENERAL
campo de control de longitud fija 991125c1969 mx 000 0 spa u
035 ## - NÚMERO DE CONTROL DEL SISTEMA
Número de control de sistema UPN01000037106
049 ## - COLECCIÓN
Colección CG
050 #4 - SIGNATURA TOPOGRÁFICA DE LA BIBLIOTECA DEL CONGRESO
Número de clasificación LB1589 E6.2
Número de documento/Ítem E3.38 1969 LM
100 1# - ASIENTO PRINCIPAL--NOMBRE PERSONAL
Nombre de persona Eicholz, Robert E.
9 (RLIN) 30647
245 10 - MENCIÓN DE TÍTULO
Título Matemática para la educación primaria :
Resto del título guía del maestro para el segundo grado /
Mención de responsabilidad, etc. Robert E. Eicholz ; consultores y colab. Emerson Martin... [et al.].
250 ## - MENCIÓN DE EDICIÓN
Mención de edición 2a ed.
260 ## - PUBLICACIÓN, DISTRIBUCIÓN, ETC.
Lugar de publicación, distribución, etc. Bogotá ;
-- México :
Nombre del editor, distribuidor, etc. Norma ;
-- Fondo Educativo Interamericano,
Fecha de publicación, distribución, etc. c1969.
300 ## - DESCRIPCIÓN FÍSICA
Extensión 415 p. :
Otras características físicas il. col
440 #0 - MENCIÓN DE SERIE/ASIENTO SECUNDARIO--TÍTULO
Título Serie matemáticas para la educación primaria
650 #4 - ASIENTO SECUNDARIO DE MATERIA - TERMINO TEMATICO
Término de materia o nombre geográfico como elemento de entrada Matemáticas
Subdivisión general Estudio y enseñanza (Elemental)
9 (RLIN) 2809
700 1# - ASIENTO SECUNDARIO--NOMBRE DE PERSONAL
Nombre de persona Martin, Emerson,
Término indicativo de función/relación colab.
9 (RLIN) 29146
905 ## - TIPO DE MATERIAL
Tipo de material Libro
Holdings
Estado de retiro Estado de pérdida Fuente del sistema de clasificación o colocación Estado dañado No para préstamo Código de colección Localización permanente Ubicación/localización actual Ubicación en estantería Fecha de adquisición Total de préstamos Clasificación Código de barras Fecha visto por última vez Número de copia Tipo de ítem Koha
    Library of Congress Classification     Colección General Bib. Gregorio Torres Quintero Bib. Gregorio Torres Quintero Planta baja 09/05/2023 8 LB1589 E6.2 E3.38 1969 12009 31/12/2020 1 Libro
    Library of Congress Classification     Colección General Bib. Gregorio Torres Quintero Bib. Gregorio Torres Quintero Planta baja   9 LB1589 E6.2 E3.38 1969 4014 31/12/2020 1 Libro